Praktische Anforderungen an die Sozialtherapie im Jugendvollzug: Erfahrungen aus der Sozialtherapeutischen Abteilung (SothA) in der Jugendanstalt Herford

Saved in:  
Bibliographic Details
Main Author: Linnemann, Michaela (Author)
Format: Print Article
Language:German
Published: 2017
In: Forum Strafvollzug
Year: 2017, Volume: 66, Issue: 5, Pages: 332-334
Availability in Albert-Krebs Library:Z.01
56.2007 ff
Check availability: HBZ Gateway
Keywords:

MARC

LEADER 00000caa a2200000 c 4500
001 1640147888
003 DE-627
005 20260505204835.0
007 tu
008 171212s2017 xx ||||| 00| ||ger c
035 |a (DE-627)1640147888 
035 |a (DE-576)496263277 
035 |a (DE-599)BSZ496263277 
040 |a DE-627  |b ger  |c DE-627  |e rda 
041 |a ger 
084 |a 2,1  |2 ssgn 
100 1 |a Linnemann, Michaela  |e VerfasserIn  |4 aut 
245 1 0 |a Praktische Anforderungen an die Sozialtherapie im Jugendvollzug  |b Erfahrungen aus der Sozialtherapeutischen Abteilung (SothA) in der Jugendanstalt Herford  |c Michaela Linnemann 
264 1 |c 2017 
336 |a Text  |b txt  |2 rdacontent 
337 |a ohne Hilfsmittel zu benutzen  |b n  |2 rdamedia 
338 |a Band  |b nc  |2 rdacarrier 
650 4 |a Strafgefangener  |x Jugendlicher  |x Sozialtherapie  |7 (dpeaa)DE-2619 
650 4 |a Strafgefangener  |x Heranwachsender  |x Sozialtherapie  |7 (dpeaa)DE-2619 
650 4 |a Jugendstrafvollzug  |x Sozialtherapie  |7 (dpeaa)DE-2619 
650 4 |a Sozialtherapeutische Abteilung  |7 (dpeaa)DE-2619 
650 4 |a Sozialtherapie  |7 (dpeaa)DE-2619 
650 4 |a Jugendstrafvollzug  |7 (dpeaa)DE-2619 
650 4 |a Strafgefangener  |7 (dpeaa)DE-2619 
650 4 |a Jugendlicher  |7 (dpeaa)DE-2619 
650 4 |a Behandlungskonzept  |7 (dpeaa)DE-2619 
650 4 |a Jugendanstalt <Herford>  |7 (dpeaa)DE-2619 
651 7 |0 (DE-588)4042570-8  |0 (DE-627)106213644  |0 (DE-576)209051345  |a Nordrhein-Westfalen  |2 gnd  |7 (dpeaa)DE-2619 
773 0 8 |i Enthalten in  |t Forum Strafvollzug  |d Wiesbaden : Ges. für Fortbildung der Strafvollzugsbediensteten, 2007  |g 66(2017), 5, Seite 332-334  |w (DE-627)52370271X  |w (DE-600)2268640-X  |w (DE-576)261472836  |x 1865-1534  |7 nnas 
773 1 8 |g volume:66  |g year:2017  |g number:5  |g pages:332-334 
889 |w (DE-627)1942348932 
935 |a mkri 
951 |a AR 
AKB |a 56.2007 ff  |b Z.01 
ELC |b 1 
LOK |0 000 xxxxxcx a22 zn 4500 
LOK |0 001 3301518176 
LOK |0 003 DE-627 
LOK |0 004 1640147888 
LOK |0 005 20250526153641 
LOK |0 008 180125||||||||||||||||ger||||||| 
LOK |0 040   |a DE-21-110  |c DE-627  |d DE-21-110 
LOK |0 689   |a s  |a Sozialtherapeutische Behandlung 
LOK |0 689   |a s  |a Konzeption 
LOK |0 689   |a s  |a Motivation 
LOK |0 689   |a s  |a Entlassungsvorbereitung 
LOK |0 852   |a DE-21-110 
LOK |0 852 1  |m p  |9 00 
LOK |0 938   |k p 
LOK |0 939   |a 2018-01-25  |b l01 
LOK |0 000 xxxxxcx a22 zn 4500 
LOK |0 001 4196279201 
LOK |0 003 DE-627 
LOK |0 004 1640147888 
LOK |0 005 20221011150959 
LOK |0 008 221011||||||||||||||||ger||||||| 
LOK |0 035   |a (DE-2619)p15360 
LOK |0 040   |a DE-2619  |c DE-627  |d DE-2619 
LOK |0 092   |o n 
LOK |0 852   |a DE-2619 
LOK |0 852 1  |m p  |9 00 
LOK |0 935   |a kreb 
LOK |0 938   |k p 
LOK |0 939   |a 2022-10-11  |b l01 
ORI |a WA-MARC-krimdoka001.raw